Detalles MARC
| 000 -CABECERA |
| campo de control de longitud fija |
01147nam a2200193 a 4500 |
| 001 - NÚMERO DE CONTROL |
| campo de control |
000037243 |
| 005 - FECHA Y HORA DE LA ÚLTIMA TRANSACCIÓN |
| campo de control |
20200930080232.0 |
| 008 - DATOS DE LONGITUD FIJA--INFORMACIÓN GENERAL |
| campo de control de longitud fija |
120320s2008 cl ad 000 0 spa d |
| 020 ## - NÚMERO INTERNACIONAL ESTÁNDAR DEL LIBRO |
| Número Internacional Estándar del Libro |
9789587103274 |
| 040 ## - FUENTE DE LA CATALOGACIÓN |
| Centro catalogador/agencia de origen |
DO-SdBNP |
| 100 1# - ENTRADA PRINCIPAL--NOMBRE DE PERSONA |
| Nombre de persona |
Delgado Wiesner, Cecilia. |
| 9 (RLIN) |
63656 |
| 245 #3 - MENCIÓN DE TÍTULO |
| Título |
La microempresa de punta en Colombia / |
| Mención de responsabilidad, etc. |
Cecilia Delgado Wiesner y Ernesto Parra Escobar. |
| 260 ## - PUBLICACIÓN, DISTRIBUCIÓN, ETC. |
| Lugar de publicación, distribución, etc. |
Colombia : |
| Nombre del editor, distribuidor, etc. |
Universidad Externado de Colombia, |
| -- |
Centro de Investigaciones sobre Dinámica Social, |
| Fecha de publicación, distribución, etc. |
2008. |
| 300 ## - DESCRIPCIÓN FÍSICA |
| Extensión |
204 p. : |
| Otras características físicas |
il., gráf., mapas ; |
| Dimensiones |
23 cm. |
| 490 1# - MENCIÓN DE SERIE |
| Mención de serie |
Cuadernos del cids. |
| -- |
Serie I |
| Designación de volumen o secuencia |
9 |
| 505 0# - NOTA DE CONTENIDO CON FORMATO |
| Título |
La microempresa en Colombia -- |
| -- |
Objetivos y metodología -- |
| -- |
Caracterización general del empresario y la empresa -- |
| -- |
La gestión empresarial -- |
| -- |
Resultados de la gestión empresarial -- |
| -- |
Grado de formalidad, escala de informalidad-formalidad -- |
| -- |
Obligaciones laborales, impuestos y formalidad ; Conclusiones y recomendaciones -- |
| -- |
Anexo I: encuesta -- |
| -- |
Anexo II: manual para la realización de entrevistas -- |
| -- |
Anexo III: grupos focales. |
| 700 1# - PUNTO DE ACCESO ADICIONAL--NOMBRE DE PERSONA |
| Nombre de persona |
Parra Escobar, Ernesto, 1939- |
| 9 (RLIN) |
63657 |
| 830 #0 - PUNTO DE ACCESO ADICIONAL DE SERIE-TÍTULO UNIFORME |
| Título uniforme |
Cuadernos del cids. |
| Nombre de parte o sección de la obra |
1 |
| Designación de volumen o secuencia |
9 |
| 9 (RLIN) |
63658 |